[Event "Charleroi op 4th"]
[Site "Charleroi"]
[Date "2005.07.30"]
[Round "1"]
[White "Watelet, P."]
[Black "Pitropakis, Anthony"]
[Result "0-1"]
[WhiteElo "1150"]
[BlackElo "1801"]
[PlyCount "67"]
[EventDate "2005.07.30"]
[EventType "swiss"]
[EventRounds "9"]
[EventCountry "BEL"]
[SourceTitle "EXT 2006"]
[Source "ChessBase"]
[SourceDate "2005.11.24"]
[SourceVersion "1"]
[SourceVersionDate "2005.11.24"]
[SourceQuality "1"]

1. e4 e5 2. Nc3 Nf6 3. Bc4 Nxe4 4. Nxe4 d5 5. Bxd5 Qxd5 6. Qf3 Be7 7. Nc3 Qxf3 8. Nxf3 Nc6 9. 0-0 0-0 10. d3 Bg4 11. Ne1 f5 12. h3 Bh5 13. f4 Bc5+ 14. Kh1 Rae8 15. fxe5 Nxe5 16. Bf4 Bd6 17. Nb5 a6 18. Nxd6 cxd6 19. d4 Nc4 20. b3 Ne3 21. Bxe3 Rxe3 22. Nd3 b5 23. Rae1 Rxe1 24. Nxe1 f4 25. Nf3 h6 26. Kg1 Bg6 27. c4 Re8 28. Re1 Rxe1+ 29. Nxe1 Bb1 30. a3 Ba2 31. c5 dxc5 32. dxc5 Bxb3 33. Nf3 Bd5 34. Nd4 0-1